00934nam a2200229 a 450000100100000000500170001000800410002704000250006808200170009310000370011024500940014726000670024130000200030850000700032859000260039865000570042465000250048165000250050691000410053195201150057299900170068700002811220260120073950.0110406s1988 dr 001 0 spa d aDO-SdBNPbspacBNPHU a231.7bF634u1 aFlores Santana, Juan Ant.95512014aLos últimos sucesos del hombre y su situación definitiva /cJuan Ant. Flores Santana. aLa Vega, República Dominicana :bObispado de la Vega,c1988. a63 p. ;c21 cm. aIncluye referencias bibliográficas y notas al pie de páginas. aInventariado, 2018/BT 4aMediación entre dios y hombrexCristianismo915865 0aVida espiritual9268 4aTemor de dios955121 aValidado. Control de la calidad. EMS 0010718PDaPDbPDcHDd2011-04-06iLF1l0o231.7 F634up28112-10r2020-06-25w2020-06-25yLFPDZNo se presta c27604d27604